Sports Quiz

Random Sports or Football Quiz

Cypriot First Division Quiz Stats

Quiz not verified by Sporcle

Challenge
Share
Tweet
Embed
Score 0/14 Timer 05:00
0 Plays Today
% Correct
APOEL
96%
AEL Limassol
92%
Anorthosis Famagusta
88%
Omonia
88%
Apollon Limassol
84%
Pafos
64%
AEK Larnaca
60%
% Correct
Aris Limassol
52%
Ermis Aradippou
36%
Ayia Napa
28%
Doxa Katokopias
28%
Nea Salamina
28%
Ethnikos Achna
24%
Enosis Neon Paralimni
8%

You're not logged in!

Compare scores with friends on all Sporcle quizzes.
Sign Up with Email
OR
Log In

You Might Also Like...

Show Comments

Extras

Top Quizzes Today


Score Distribution

Your Account Isn't Verified!

In order to create a playlist on Sporcle, you need to verify the email address you used during registration. Go to your Sporcle Settings to finish the process.

Report this User

Report this user for behavior that violates our Community Guidelines.

Details: